| 000 | 00851nam a22002537a 4500 | ||
|---|---|---|---|
| 003 | EG-ScBUE | ||
| 005 | 20221020104516.0 | ||
| 008 | 100222s2005 gw a f 000 0 eng dd | ||
| 020 | _a3833116366 | ||
| 020 | _a9783833116360 | ||
| 040 |
_aEG-ScBUE _beng _erda _cEG-ScBUE _dEG-ScBUE |
||
| 082 | 0 | 4 |
_222 _a720.9 _bGYM |
| 100 | 1 |
_911645 _aGympel, Jan, _eauthor. |
|
| 240 |
_aGeschichte der Architektur von der Antike bis heute _l English |
||
| 245 | 1 | 4 |
_aThe story of architecture : _bfrom antiquity to the present / _cJan Gympel. |
| 264 | 1 |
_aCologne : _bKonemann, _c[2005] |
|
| 264 | 4 | _cc2005 | |
| 300 |
_a119 pages : _billustrations (some color) ; _c30 cm |
||
| 546 | _aText in English ; translated from the original German. | ||
| 650 | 7 |
_911236 _aArchitecture _xHistory. _2BUEsh |
|
| 653 | _bENGARC | ||
| 655 | _vReading book | ||
| 942 |
_2ddc _cBB |
||
| 999 |
_c13453 _d13453 |
||